Welcome to CU Library Online Public Access Catalogue (OPAC)

Values-driven leadership : (Record no. 6168)

MARC details
000 -LEADER
fixed length control field 00711cam a22002174a 4500
001 - CONTROL NUMBER
control field 13444890
005 - DATE AND TIME OF LATEST TRANSACTION
control field 20250602174401.0
008 - FIXED-LENGTH DATA ELEMENTS--GENERAL INFORMATION
fixed length control field 031229s20041996miua b 001 0 eng
020 ## - INTERNATIONAL STANDARD BOOK NUMBER
International Standard Book Number 080106516X (pbk.)
050 00 - LIBRARY OF CONGRESS CALL NUMBER
Classification number BV652
Item number .M3566 2004
082 00 - DEWEY DECIMAL CLASSIFICATION NUMBER
Classification number 253
Edition information 22
100 1# - MAIN ENTRY--PERSONAL NAME
Personal name Malphurs, Aubrey.
245 10 - TITLE STATEMENT
Title Values-driven leadership :
Remainder of title discovering and developing your core values for ministry /
Statement of responsibility, etc. Aubrey Malphurs.
250 ## - EDITION STATEMENT
Edition statement 2nd ed.
260 ## - PUBLICATION, DISTRIBUTION, ETC.
Place of publication, distribution, etc. Grand Rapids, Mich. :
Name of publisher, distributor, etc. Baker Books,
Date of publication, distribution, etc. c2004, 1996.
300 ## - PHYSICAL DESCRIPTION
Extent 184 p. :
Other physical details ill. ;
Dimensions 23 cm.
650 #0 - SUBJECT ADDED ENTRY--TOPICAL TERM
Topical term or geographic name entry element Church management.
650 #0 - SUBJECT ADDED ENTRY--TOPICAL TERM
Topical term or geographic name entry element Values.
856 41 - ELECTRONIC LOCATION AND ACCESS
Materials specified Table of contents
Uniform Resource Identifier <a href="http://www.loc.gov/catdir/toc/ecip0412/2003028146.html">http://www.loc.gov/catdir/toc/ecip0412/2003028146.html</a>
942 ## - ADDED ENTRY ELEMENTS (KOHA)
Source of classification or shelving scheme Library of Congress Classification
Koha item type Books
Suppress in OPAC No
999 ## -
-- 6168
-- 6168
Holdings
Withdrawn status Lost status Source of classification or shelving scheme Damaged status Not for loan Collection Home library Current library Shelving location Date acquired Total checkouts Full call number Barcode Date last seen Copy number Price effective from Koha item type
    Library of Congress Classification     Non-fiction Undergraduate Library (Christ Temple) Undergraduate Library (Christ Temple) General stacks 06/02/2025   BV 652 MAL ulct00002874 06/02/2025 1 06/02/2025 Books
    Library of Congress Classification     Non-fiction Undergraduate Library (Christ Temple) Undergraduate Library (Christ Temple) General stacks 06/02/2025   BV 652 MAL ulct00002875 06/02/2025 2 06/02/2025 Books
    Library of Congress Classification     Non-fiction Undergraduate Library (Christ Temple) Undergraduate Library (Christ Temple) General stacks 06/02/2025   BV 652 MAL ulct00002876 06/02/2025 3 06/02/2025 Books
    Library of Congress Classification     Non-fiction Undergraduate Library (Christ Temple) Undergraduate Library (Christ Temple) General stacks 06/02/2025   BV 652 MAL ulct00002877 06/02/2025 4 06/02/2025 Books
    Library of Congress Classification     Non-fiction Undergraduate Library (Christ Temple) Undergraduate Library (Christ Temple) General stacks 06/02/2025   BV 652 MAL ulct00002878 06/02/2025 5 06/02/2025 Books
© 2023-2024 Copyright: Central University Libraries. All Rights Reserved | Created by: Mahone Tech Office